| 000 | 01661cam a22004694i 4500 | ||
|---|---|---|---|
| 003 | PE-LiUPU | ||
| 005 | 20250731173406.0 | ||
| 008 | 150706s1984 miu r 000 0 spa d | ||
| 020 | _a9780825415814 | ||
| 035 | _a(Sirsi) i9780825415814 | ||
| 040 |
_aPE-LiUPU _bspa _cPE-LiUPU _erda |
||
| 049 | _aPRUA | ||
| 082 | 0 | 4 |
_a220.07 _bM12 _221 |
| 100 | 1 |
_aMacArthur, John, _eautor. |
|
| 245 | 1 | 3 |
_aEl poder de la palabra y cómo estudiarla / _cJohn MacArthur. |
| 264 | 1 |
_aMichigan : _bPORTAVOZ, _c1984. |
|
| 300 |
_a125 páginas ; _c18 centímetros |
||
| 336 |
_atext _2rdacontent |
||
| 337 |
_aunmediated _2rdamedia |
||
| 338 |
_avolume _2rdacarrier |
||
| 505 | 0 | _aEl poder de la Palabra en la vida del creyente -- ¿Quién puede estudiar de Biblia? -- Cómo estudiar la biblia. | |
| 526 | _aSEG42 | ||
| 526 | _aSEG41 | ||
| 526 | _aSEG40 | ||
| 526 | _aSEG39 | ||
| 526 | _aP94 | ||
| 526 | _aP87 | ||
| 526 | _aP86 | ||
| 526 | _aP85 | ||
| 526 | _aP77 | ||
| 526 | _aP76 | ||
| 526 | _aP35 | ||
| 541 | _g001-001094; | ||
| 630 |
_aBiblia _xEstidudio y Enseñanza. |
||
| 700 | 1 |
_aDe la Rosa-Sherman, Mercedes, _etraductor. |
|
| 910 |
_agl _bjv _cng _d20110811 |
||
| 942 |
_2ddc _cBOOK |
||
| 949 |
_a220.07 M12 _wDEWEY _c1 _i63318 _lCCODEBUL1 _mBUL _p6.00 _r0 _sY _tBOOK _u2015-7-6 _xTEOLOGIA _PP35 _o.STAFF. Colección Teología |
||
| 994 |
_aC0 _bPEPRU |
||
| 596 | _a1 | ||
| 999 |
_a220.07 M12 _wDEWEY _c52321 _i63318 _d52321 _e2015-10-16 _f2021-11-9 _g5 _lCCODEBUL1 _mBUL _n1 _p6.00 _q5 _r0 _sY _tBOOK _u2015-7-6 _xTEOLOGIA _PP35 _0COMPRA _o.STAFF. Colección Teología |
||
| 980 |
_81 _gALBERTO SANCHEZ Responsable de Automatización |
||